000 00396nam a2200133Ia 4500
008 100328s9999 xx 000 0 und d
082 _b63066
100 _aराजवाडकर मदन.
245 _aराज-लालसा.
260 _bनिंबकर आणि मंडळी.
630 _aराज-लालसा.
730 _aराज-लालसा.
942 _cBOOK
999 _c548988
_d548985